Most streamed songs #5 (Zara Larsson) - Statistics

General Stats
  • This quiz has been taken 18 times
  • The average score is 7 of 15
Answer Stats
Hint Answer % Correct
#1 Lush Life
93%
#2 Symphony
87%
#3 Never Forget You
60%
#4 Ruin My Life
60%
#6 Ain't My Fault
53%
#13 Can't Tame Her
53%
#14 On My Love
47%
#15 WOW
40%
#10 I Would Like
33%
#5 This One's for You
33%
#7 Words
33%
#11 Uncover
27%
#12 Like It Is
20%
#8 Girls Like
13%
#9 I Can't Fall in Love Without You
7%
No matching quizzes found
Score Distribution
Percent of People with Each Score
Percentile by Number Answered
Your Score History
You have not taken this quiz